The secret history of the Lord of Musashi and Arrowroot
保存先:
| 第一著者: | |
|---|---|
| フォーマット: | 図書 |
| 言語: | Undetermined |
| 出版事項: |
New York,Knopf
Distributed by Random House
1982
|
| 主題: | |
| タグ: |
タグ追加
タグなし, このレコードへの初めてのタグを付けませんか!
|
| Thư viện lưu trữ: | Trung tâm Học liệu Trường Đại học Cần Thơ |
|---|
| LEADER | 00599nam a2200193Ia 4500 | ||
|---|---|---|---|
| 001 | CTU_113441 | ||
| 008 | 210402s9999 xx 000 0 und d | ||
| 020 | |c 425000 | ||
| 082 | |a 895.634 | ||
| 082 | |b T164 | ||
| 100 | |a Tanizaki, Junichiro | ||
| 245 | 4 | |a The secret history of the Lord of Musashi and Arrowroot | |
| 245 | 0 | |c Junichiro Tanizaki ; translated by Anthony H. Chambers | |
| 260 | |a New York,Knopf | ||
| 260 | |b Distributed by Random House | ||
| 260 | |c 1982 | ||
| 650 | |a Japan fiction,Japan literature | ||
| 904 | |i M.Loan | ||
| 980 | |a Trung tâm Học liệu Trường Đại học Cần Thơ | ||